<?xml version="1.0" encoding="UTF-8"?>
<record
    xmlns:xsi="http://www.w3.org/2001/XMLSchema-instance"
    xsi:schemaLocation="http://www.loc.gov/MARC21/slim http://www.loc.gov/standards/marcxml/schema/MARC21slim.xsd"
    xmlns="http://www.loc.gov/MARC21/slim">

  <leader>01290aam a2200325   4500</leader>
  <controlfield tag="005">20161012165402.0</controlfield>
  <controlfield tag="008">150624b        xxu||||| |||| 00| 0 spa d</controlfield>
  <datafield tag="041" ind1=" " ind2=" ">
    <subfield code="a">Espa&#xF1;ol</subfield>
  </datafield>
  <datafield tag="082" ind1=" " ind2=" ">
    <subfield code="a">3.27 C778c</subfield>
  </datafield>
  <datafield tag="100" ind1=" " ind2=" ">
    <subfield code="a">Garc&#xED;a Saura, Pilar Juana   </subfield>
    <subfield code="9">26534</subfield>
  </datafield>
  <datafield tag="245" ind1=" " ind2=" ">
    <subfield code="a">Cooperaci&#xF3;n para el desarrollo local responsabilidad ambiental y socioecon&#xF3;mica como elemento clave de la sostenibilidad del turismo : cooperaci&#xF3;n entre Espa&#xF1;a y Costa Rica para el an&#xE1;lisis de normativa, pol&#xED;tica tur&#xED;stica y escenario tur&#xED;stico desde la  perspectiva del desarrollo sostenible, orientado a la puesta en marcha de iniciativas para la creaci&#xF3;n de un turismo solidario / responsable.</subfield>
  </datafield>
  <datafield tag="260" ind1=" " ind2=" ">
    <subfield code="a">Espa&#xF1;a</subfield>
  </datafield>
  <datafield tag="260" ind1=" " ind2=" ">
    <subfield code="b">UCAM</subfield>
  </datafield>
  <datafield tag="260" ind1=" " ind2=" ">
    <subfield code="c">2010</subfield>
  </datafield>
  <datafield tag="300" ind1=" " ind2=" ">
    <subfield code="a">392 p&#xE1;ginas</subfield>
  </datafield>
  <datafield tag="650" ind1=" " ind2=" ">
    <subfield code="a">COSTA RICA</subfield>
    <subfield code="9">26535</subfield>
  </datafield>
  <datafield tag="650" ind1=" " ind2=" ">
    <subfield code="a">TURISMO SOSTENIBLE</subfield>
    <subfield code="9">9369</subfield>
  </datafield>
  <datafield tag="650" ind1=" " ind2=" ">
    <subfield code="a">TURISMO ECOLOGICO  </subfield>
    <subfield code="9">1911</subfield>
  </datafield>
  <datafield tag="650" ind1=" " ind2=" ">
    <subfield code="a">DESARROLLO SOSTENIBLE</subfield>
    <subfield code="9">1111</subfield>
  </datafield>
  <datafield tag="650" ind1=" " ind2=" ">
    <subfield code="a">ASPECTOS LEGALES</subfield>
    <subfield code="9">2711</subfield>
  </datafield>
  <datafield tag="650" ind1=" " ind2=" ">
    <subfield code="a">POL&#xCD;TICA TUR&#xCD;STICA</subfield>
    <subfield code="9">26536</subfield>
  </datafield>
  <datafield tag="650" ind1=" " ind2=" ">
    <subfield code="a">POLITICA AMBIENTAL</subfield>
    <subfield code="9">507</subfield>
  </datafield>
  <datafield tag="650" ind1=" " ind2=" ">
    <subfield code="a">RECURSOS TUR&#xCD;STICOS</subfield>
    <subfield code="9">6706</subfield>
  </datafield>
  <datafield tag="650" ind1=" " ind2=" ">
    <subfield code="a">OFERTA TUR&#xCD;STICA</subfield>
    <subfield code="9">1914</subfield>
  </datafield>
  <datafield tag="650" ind1=" " ind2=" ">
    <subfield code="a">DEMANDA TUR&#xCD;STICA </subfield>
    <subfield code="9">1915</subfield>
  </datafield>
  <datafield tag="650" ind1=" " ind2=" ">
    <subfield code="a">MODELOS TUR&#xCD;STICOS</subfield>
    <subfield code="9">26537</subfield>
  </datafield>
  <datafield tag="650" ind1=" " ind2=" ">
    <subfield code="a">LIM&#xD3;N</subfield>
    <subfield code="9">4425</subfield>
  </datafield>
  <datafield tag="650" ind1=" " ind2=" ">
    <subfield code="a">GUANACASTE</subfield>
    <subfield code="9">1778</subfield>
  </datafield>
  <datafield tag="942" ind1=" " ind2=" ">
    <subfield code="c">BK</subfield>
  </datafield>
  <datafield tag="999" ind1=" " ind2=" ">
    <subfield code="c">1476</subfield>
    <subfield code="d">1476</subfield>
  </datafield>
  <datafield tag="952" ind1=" " ind2=" ">
    <subfield code="1">0</subfield>
    <subfield code="4">0</subfield>
    <subfield code="7">0</subfield>
    <subfield code="a">BACB</subfield>
    <subfield code="b">BACB</subfield>
    <subfield code="o">3.27 C778c</subfield>
    <subfield code="p">17534</subfield>
    <subfield code="w">2016-10-12</subfield>
    <subfield code="y">BK</subfield>
  </datafield>
</record>
